[Event "PRVA LIGA CS 2020"]
[Site "Bajina basta"]
[Date "2020.10.14"]
[Round "7.2"]
[White "Solomunovic, Igor"]
[Black "Zivkovic, Sava"]
[Result "1-0"]
[WhiteElo "2355"]
[BlackElo "2297"]
[PlyCount "83"]
[EventDate "2020.10.10"]
[WhiteTeam "METALAC - G.Milanovac"]
[BlackTeam "KRUSIK - Valjevo"]

1. d4 Nf6 2. Nf3 g6 3. Bf4 Bg7 4. e3 O-O 5. c3 d5 6. Nbd2 c5 7. dxc5 Nh5 8. Bg5
h6 9. Bh4 Nd7 10. Nb3 Ndf6 11. Be2 Ne4 12. Nfd2 Nhf6 13. Nxe4 Nxe4 14. f3 Nf6
15. O-O a5 16. a4 b6 17. Bb5 Ba6 18. c6 Ne8 19. e4 Nc7 20. Qe2 Qd6 21. Bg3 e5
22. exd5 Qxd5 23. c4 Qd6 24. Rfd1 Qf6 25. Rd7 Rfc8 26. Rad1 Bxb5 27. cxb5 Qe6
28. Qc2 Ne8 29. Bf2 Rab8 30. Nc1 Bf8 31. Qb3 Qf5 32. Ne2 Nc7 33. Ng3 Qe6 34.
Qxe6 Nxe6 35. Ne4 Bb4 36. Nd6 Bxd6 37. R1xd6 Kf8 38. Be3 h5 39. Ra7 Rc7 40.
Rxc7 Nxc7 41. Rd7 Ne6 42. Kf2 1-0

[Event "PRVA LIGA CS 2020"]
[Site "Bajina basta"]
[Date "2020.10.14"]
[Round "7.2"]
[White "Ivanovic, Dragutin"]
[Black "Rabrenovic, Vladan"]
[Result "0-1"]
[WhiteElo "2307"]
[BlackElo "2302"]
[PlyCount "82"]
[EventDate "2020.10.10"]
[WhiteTeam "KRUSIK - Valjevo"]
[BlackTeam "METALAC - G.Milanovac"]

1. g3 e5 2. Bg2 Nc6 3. e3 Nf6 4. Ne2 d5 5. b3 Bd6 6. Bb2 e4 7. d4 h5 8. h3 Qe7
9. c4 Nb4 10. Nc1 c6 11. a3 Na6 12. Nc3 Be6 13. cxd5 cxd5 14. Nb5 Bb8 15. Ne2
Qd7 16. Nbc3 Bd6 17. Nf4 Nc7 18. Na4 b6 19. Rc1 Bf5 20. Bf1 g5 21. Ne2 h4 22.
g4 Nxg4 23. hxg4 Bxg4 24. Nc5 Qc8 25. Bg2 f5 26. Qc2 Rh6 27. Na4 h3 28. Ng1 h2
29. Ne2 f4 30. Nec3 Qf5 31. Nxe4 dxe4 32. Qxe4+ Qxe4 33. Bxe4 O-O-O 34. Kd2
fxe3+ 35. fxe3 Rf8 36. Rcf1 Rxf1 37. Rxf1 Bh3 38. Rf7 g4 39. Rg7 g3 40. Bc6
Bb4+ 41. axb4 Rxc6 0-1

[Event "PRVA LIGA CS 2020"]
[Site "Bajina basta"]
[Date "2020.10.14"]
[Round "7.2"]
[White "Colovic, Dusan"]
[Black "Zivanovic, Bojan"]
[Result "1/2-1/2"]
[WhiteElo "2255"]
[BlackElo "2159"]
[PlyCount "161"]
[EventDate "2020.10.10"]
[WhiteTeam "METALAC - G.Milanovac"]
[BlackTeam "KRUSIK - Valjevo"]

1. d4 d5 2. Nc3 Nf6 3. Bf4 c5 4. e3 cxd4 5. exd4 a6 6. Bd3 Nc6 7. Nge2 Bg4 8.
f3 Bh5 9. g4 Bg6 10. h4 e6 11. h5 Bxd3 12. Qxd3 Bd6 13. O-O-O Bxf4+ 14. Nxf4
Qc7 15. Qe3 O-O-O 16. g5 e5 17. Nfe2 Rhe8 18. gxf6 exd4 19. Qf4 dxc3 20. Qxc7+
Kxc7 21. Nxc3 d4 22. Ne4 gxf6 23. Nxf6 Re5 24. Rdg1 Rf5 25. Nxh7 d3 26. cxd3
Nd4 27. Rg7 Ne6 28. h6 Nxg7 29. hxg7 Rg8 30. Rg1 Rxf3 31. Kd2 Kd6 32. Ng5 Rf5
33. Ke3 Ke7 34. Ne4 Rd5 35. d4 f6 36. Rg6 Rf5 37. d5 Kf7 38. Rh6 Kxg7 39. Rh1
Re8 40. d6 Rd5 41. Kf4 Rd4 42. Re1 Kf7 43. Kf3 Re5 44. Re2 Kf8 45. Rc2 Rdxe4
46. Rc8+ Re8 47. d7 R4e7 48. dxe8=Q+ Rxe8 49. Rc7 Re7 50. Rc8+ Kf7 51. a4 Ke6
52. b4 Rd7 53. Ke3 Kf5 54. Rb8 Ke5 55. Re8+ Kd5 56. Kd3 f5 57. Rf8 Ke5+ 58. Ke3
Rc7 59. Re8+ Kd5 60. Kd3 f4 61. Rh8 Rf7 62. Rh5+ Ke6 63. Rh6+ Ke5 64. Ke2 Kd4
65. Rb6 Kc4 66. a5 f3+ 67. Kf2 Kd4 68. b5 axb5 69. Rxb5 Kc4 70. Rb6 Kc5 71. Rb3
Kc6 72. Rb6+ Kc7 73. Rb4 Rf6 74. Rb3 Rf5 75. a6 bxa6 76. Rxf3 Rc5 77. Ke2 Kb6
78. Kd2 Kb5 79. Rc3 Rh5 80. Kc2 a5 81. Kb3 1/2-1/2

[Event "PRVA LIGA CS 2020"]
[Site "Bajina basta"]
[Date "2020.10.14"]
[Round "7.2"]
[White "Jovcic, Zoran"]
[Black "Mijatovic, Dusan"]
[Result "0-1"]
[WhiteElo "2140"]
[BlackElo "2177"]
[PlyCount "84"]
[EventDate "2020.10.10"]
[WhiteTeam "KRUSIK - Valjevo"]
[BlackTeam "METALAC - G.Milanovac"]

1. Nf3 Nf6 2. g3 g6 3. Bg2 Bg7 4. O-O O-O 5. d4 c6 6. c4 d5 7. Nc3 dxc4 8. Ne5
Ng4 9. Nf3 e5 10. dxe5 Nxe5 11. Nxe5 Bxe5 12. Bh6 Bg7 13. Bxg7 Kxg7 14. Qc2 Be6
15. Ne4 Qe7 16. Qc3+ f6 17. Ng5 Bg8 18. Rad1 Nd7 19. f4 Rad8 20. Ne4 Bd5 21.
Nf2 Bxg2 22. Kxg2 Nb6 23. e4 Rxd1 24. Rxd1 Rd8 25. Rxd8 Qxd8 26. Qb4 Kf7 27. a4
Qe7 28. Qa5 Nc8 29. Qc3 b5 30. e5 f5 31. g4 Qe6 32. h3 Ne7 33. Kg3 Qd5 34. axb5
cxb5 35. Qa5 Qc5 36. Kf3 Nd5 37. Qe1 Qd4 38. Qc1 b4 39. gxf5 gxf5 40. h4 c3 41.
Nd1 Qd3+ 42. Kf2 c2 0-1

[Event "PRVA LIGA CS 2020"]
[Site "Bajina basta"]
[Date "2020.10.14"]
[Round "7.4"]
[White "Narancic, Vlado"]
[Black "Dimitrov, Radoslav"]
[Result "0-1"]
[WhiteElo "2281"]
[BlackElo "2507"]
[PlyCount "60"]
[EventDate "2020.10.10"]
[WhiteTeam "VSK SVETI NIKOLAJ SRPSKI - Valjevo"]
[BlackTeam "VSK 2005 - Valjevo"]

1. Nf3 c5 2. g3 Nc6 3. Bg2 g6 4. d3 Bg7 5. c3 e5 6. e4 Nge7 7. Nbd2 O-O 8. O-O
d6 9. Rb1 b5 10. b4 cxb4 11. cxb4 a5 12. bxa5 Qxa5 13. a3 Be6 14. Ng5 Bd7 15.
f4 exf4 16. gxf4 h6 17. Ngf3 Be6 18. Kh1 Ba2 19. Rb2 Qxa3 20. Rxb5 Qa6 21. Rb2
Bxb2 22. Bxb2 Qxd3 23. Qe1 f6 24. Qh4 Kg7 25. e5 Nf5 26. exf6+ Kg8 27. f7+ Rxf7
28. Qg4 Ne3 29. Qh4 Nxf1 30. Bxf1 Qc2 0-1

[Event "PRVA LIGA CS 2020"]
[Site "Bajina basta"]
[Date "2020.10.14"]
[Round "7.4"]
[White "Markovic, Miroslav"]
[Black "Djoric, Dusan"]
[Result "1/2-1/2"]
[WhiteElo "2372"]
[BlackElo "2303"]
[PlyCount "29"]
[EventDate "2020.10.10"]
[WhiteTeam "VSK 2005 - Valjevo"]
[BlackTeam "VSK SVETI NIKOLAJ SRPSKI - Valjevo"]

1. e4 c5 2. c3 d5 3. d3 dxe4 4. dxe4 Qxd1+ 5. Kxd1 Nc6 6. Na3 Nf6 7. f3 Bd7 8.
Kc2 O-O-O 9. Nc4 e5 10. a4 b6 11. Bg5 Be6 12. Ne3 Na5 13. c4 Be7 14. Bxf6 Bxf6
15. Nd5 1/2-1/2

[Event "PRVA LIGA CS 2020"]
[Site "Bajina basta"]
[Date "2020.10.14"]
[Round "7.4"]
[White "Bozic, Milan"]
[Black "Savic, Miodrag R"]
[Result "0-1"]
[WhiteElo "2270"]
[BlackElo "2433"]
[PlyCount "62"]
[EventDate "2020.10.10"]
[WhiteTeam "VSK SVETI NIKOLAJ SRPSKI - Valjevo"]
[BlackTeam "VSK 2005 - Valjevo"]

1. Nf3 Nf6 2. g3 d5 3. Bg2 e6 4. d4 Be7 5. O-O O-O 6. c4 dxc4 7. Nbd2 b5 8. a4
c6 9. e4 Nbd7 10. Qc2 Bb7 11. b3 cxb3 12. Nxb3 b4 13. Re1 c5 14. dxc5 Rc8 15.
Nfd4 Nxc5 16. Qb1 Nxb3 17. Nxb3 Ba6 18. Qa2 Bc4 19. Be3 Qd3 20. Rab1 Nxe4 21.
Bf1 Qd5 22. Red1 Qh5 23. Bxc4 Nc3 24. Qd2 Nxb1 25. Rxb1 Rxc4 26. Qd7 Bf6 27.
Qxa7 Qf5 28. Rf1 Qd5 29. Qb6 h5 30. h3 Rfc8 31. a5 Bd8 0-1

[Event "PRVA LIGA CS 2020"]
[Site "Bajina basta"]
[Date "2020.10.14"]
[Round "7.4"]
[White "Todorovic, Goran M"]
[Black "Popovic, Nenad"]
[Result "1/2-1/2"]
[WhiteElo "2404"]
[BlackElo "2249"]
[PlyCount "91"]
[EventDate "2020.10.10"]
[WhiteTeam "VSK 2005 - Valjevo"]
[BlackTeam "VSK SVETI NIKOLAJ SRPSKI - Valjevo"]

1. e4 c6 2. d4 d5 3. exd5 cxd5 4. Bd3 Nc6 5. c3 g6 6. Bf4 Nh6 7. Na3 Bf5 8.
Bxh6 Bxh6 9. Bxf5 gxf5 10. Qh5 Bf8 11. Nf3 e6 12. Ng5 Qf6 13. f4 h6 14. Nf3
Bxa3 15. bxa3 Rc8 16. O-O Na5 17. Rab1 Rxc3 18. Ne5 b6 19. Rbc1 Rxc1 20. Rxc1
Nc4 21. Qd1 O-O 22. Nd7 Qe7 23. Nxf8 Kxf8 24. Qb3 Qc7 25. Rf1 a5 26. Qh3 Kg7
27. Rf3 Nd2 28. Qg3+ Kh7 29. Rc3 Qd8 30. Qe1 Ne4 31. Rc6 b5 32. Qe3 Kg7 33. g3
Qe7 34. Qb3 Qa7 35. Qd3 b4 36. axb4 axb4 37. Rc2 Nc3 38. Qe3 Ne4 39. Kg2 Kg6
40. h3 h5 41. Kh2 Qa6 42. Qf3 Qa7 43. Qe3 Qa6 44. Qf3 Qa7 45. Qd3 Kf6 46. Qe3
1/2-1/2

[Event "I Liga Centralne Srbije"]
[Site "Bajina Bašta, Serbia"]
[Date "2020.10.14"]
[Round "7.5"]
[White "Celik, Hasan Huseyin"]
[Black "Ristic, Nebojsa B"]
[Result "1/2-1/2"]
[WhiteElo "1970"]
[BlackElo "2312"]
[Annotator "Knez"]
[PlyCount "109"]
[EventDate "2020.??.??"]
[TimeControl "90"]
[WhiteClock "0:02:57"]
[BlackClock "0:04:13"]

1. e4 {[%emt 0:00:00]} d6 {[%emt 0:00:00]} 2. d4 {[%emt 0:00:00]} g6 {[%emt 0:
00:00]} 3. Nc3 {[%emt 0:00:00]} Bg7 {[%emt 0:00:00]} 4. Be3 {[%emt 0:00:00]} a6
{[%emt 0:00:00]} 5. h4 {[%emt 0:00:00]} h6 {[%emt 0:00:00]} 6. a4 {[%emt 0:00:
00]} Nf6 {[%emt 0:00:00]} 7. f3 {[%emt 0:00:00]} Nc6 {[%emt 0:00:00]} 8. Qd2 {
[%emt 0:00:00]} b6 {[%emt 0:00:00]} 9. Nge2 {[%emt 0:00:00]} Bb7 {[%emt 0:00:
00]} 10. g4 {[%emt 0:00:00]} e6 {[%emt 0:00:00]} 11. Ng3 {[%emt 0:00:00]} Ne7 {
[%emt 0:00:00]} 12. Be2 {[%emt 0:00:00]} d5 {[%emt 0:00:00]} 13. O-O-O {
[%emt 0:00:00]} Nd7 {[%emt 0:00:00]} 14. Rhf1 {[%emt 0:00:00]} c5 {[%emt 0:00:
00]} 15. f4 {[%emt 0:00:00]} Qc7 {[%emt 0:00:00]} 16. Kb1 {[%emt 0:00:00]}
O-O-O {[%emt 0:00:00]} 17. exd5 {[%emt 0:00:00]} Nxd5 {[%emt 0:00:00]} 18. Nxd5
{[%emt 0:00:00]} exd5 {[%emt 0:00:00]} 19. a5 {[%emt 0:00:00]} c4 {[%emt 0:00:
00]} 20. axb6 {[%emt 0:00:00]} Nxb6 {[%emt 0:00:00]} 21. Rde1 {[%emt 0:00:00]}
Na4 {[%emt 0:00:00]} 22. c3 {[%emt 0:00:00]} Rhe8 {[%emt 0:00:00]} 23. Bd1 {
[%emt 0:00:00]} Bc6 {[%emt 0:00:00]} 24. h5 {[%emt 0:00:00]} Qb8 {[%emt 0:00:
00]} 25. Qc2 {[%emt 0:00:00]} Re7 {[%emt 0:00:00]} 26. Bc1 {[%emt 0:00:00]} Rb7
{[%emt 0:00:00]} 27. hxg6 {[%emt 0:00:00]} fxg6 {[%emt 0:00:00]} 28. Re6 {
[%emt 0:00:00]} Rd6 {[%emt 0:00:00]} 29. Rfe1 {[%emt 0:00:32]} Rb3 {[%emt 0:00:
00]} 30. Qxg6 {[%emt 0:00:00]} Nxc3+ {[%emt 0:00:00]} 31. Kc2 {[%emt 0:00:00]}
Nxd1 {[%emt 0:00:00]} 32. Kxd1 {[%emt 0:00:00]} Rxg3 {[%emt 0:00:00]} 33. Re8+
{[%emt 0:00:00]} Bxe8 {[%emt 0:00:00]} 34. Rxe8+ {[%emt 0:00:00]} Rd8 {[%emt 0:
00:00]} 35. Qe6+ {[%emt 0:00:00]} Kb7 {[%emt 0:00:00]} 36. Re7+ {[%emt 0:00:00]
} Qc7 {[%emt 0:00:00]} 37. Rxc7+ {[%emt 0:00:00]} Kxc7 {[%emt 0:00:00]} 38. f5
{[%emt 0:00:00]} Rd3+ {[%emt 0:00:00]} 39. Kc2 {[%emt 0:00:00]} Rf3 {[%emt 0:
00:39]} 40. Bd2 {[%emt 0:00:00]} Rf2 {[%emt 0:00:05]} 41. Qe3 {[%emt 0:00:00]}
Rg2 {[%emt 0:00:00]} 42. Qf3 {[%emt 0:00:00]} Rxd2+ {[%emt 0:00:00]} 43. Kxd2 {
[%emt 0:00:00]} Rd6 {[%emt 0:00:00]} 44. Qe3 {[%emt 0:00:00]} Kd7 {[%emt 0:00:
00]} 45. Kc2 {[%emt 0:00:00]} Rb6 {[%emt 0:00:00]} 46. Qd2 {[%emt 0:00:00]} Rd6
{[%emt 0:00:00]} 47. Qf4 {[%emt 0:00:00]} Rb6 {[%emt 0:00:00]} 48. Qf3 {
[%emt 0:00:00]} Rd6 {[%emt 0:00:00]} 49. Kc3 {[%emt 0:00:00]} Bf6 {[%emt 0:00:
00]} 50. Qh1 {[%emt 0:00:00]} Ke7 {[%emt 0:00:00]} 51. Qh2 {[%emt 0:00:00]} Kd7
{[%emt 0:00:00]} 52. Qf4 {[%emt 0:00:00]} Bg5 {[%emt 0:00:00]} 53. Qe5 {
[%emt 0:00:00]} Bf6 {[%emt 0:00:00]} 54. Qf4 {[%emt 0:00:00]} Bg5 {[%emt 0:00:
00]} 55. Qe5 {[%emt 0:00:23]} 1/2-1/2

[Event "I Liga Centralne Srbije"]
[Site "Bajina Bašta, Serbia"]
[Date "2020.10.14"]
[Round "7.5"]
[White "Marinkovic, Ivan"]
[Black "Djordjevic, Miroslav"]
[Result "1-0"]
[WhiteElo "2451"]
[BlackElo "1885"]
[Annotator "Knez"]
[PlyCount "97"]
[EventDate "2020.??.??"]
[TimeControl "90"]
[WhiteClock "0:01:57"]
[BlackClock "0:17:36"]

1. e4 {[%emt 0:00:00]} c6 {[%emt 0:00:00]} 2. Nc3 {[%emt 0:00:00]} d5 {[%emt 0:
00:00]} 3. Nf3 {[%emt 0:00:00]} dxe4 {[%emt 0:00:00]} 4. Nxe4 {[%emt 0:00:00]}
Nf6 {[%emt 0:00:00]} 5. Qe2 {[%emt 0:00:00]} Nxe4 {[%emt 0:00:00]} 6. Qxe4 {
[%emt 0:00:00]} Nd7 {[%emt 0:00:00]} 7. Bc4 {[%emt 0:00:00]} Nf6 {[%emt 0:00:
00]} 8. Ne5 {[%emt 0:00:00]} e6 {[%emt 0:00:00]} 9. Qe2 {[%emt 0:00:00]} Bd6 {
[%emt 0:00:00]} 10. d4 {[%emt 0:00:00]} O-O {[%emt 0:00:00]} 11. O-O {[%emt 0:
00:00]} Nd5 {[%emt 0:00:00]} 12. Bb3 {[%emt 0:00:00]} Qc7 {[%emt 0:00:00]} 13.
c4 {[%emt 0:00:00]} Bxe5 {[%emt 0:00:00]} 14. Qxe5 {[%emt 0:00:00]} Qxe5 {
[%emt 0:00:00]} 15. dxe5 {[%emt 0:00:00]} Ne7 {[%emt 0:00:00]} 16. Rd1 {
[%emt 0:00:00]} b6 {[%emt 0:00:00]} 17. c5 {[%emt 0:00:00]} Nd5 {[%emt 0:00:00]
} 18. Be3 {[%emt 0:00:00]} Rb8 {[%emt 0:00:00]} 19. Rac1 {[%emt 0:00:00]} Bd7 {
[%emt 0:00:00]} 20. Bd4 {[%emt 0:00:00]} b5 {[%emt 0:00:00]} 21. Bc3 {[%emt 0:
00:00]} Rfc8 {[%emt 0:00:00]} 22. Ba5 {[%emt 0:00:00]} Be8 {[%emt 0:00:00]} 23.
g3 {[%emt 0:00:00]} Rb7 {[%emt 0:00:00]} 24. Rd4 {[%emt 0:00:00]} f5 {[%emt 0:
00:00]} 25. exf6 {[%emt 0:00:00]} gxf6 {[%emt 0:00:00]} 26. Re1 {[%emt 0:00:00]
} Re7 {[%emt 0:00:00]} 27. Bxd5 {[%emt 0:00:00]} cxd5 {[%emt 0:00:00]} 28. Rxd5
{[%emt 0:00:00]} exd5 {[%emt 0:00:00]} 29. Rxe7 {[%emt 0:00:00]} Bf7 {[%emt 0:
00:00]} 30. Bc3 {[%emt 0:00:00]} Rxc5 {[%emt 0:00:00]} 31. Bxf6 {[%emt 0:00:00]
} Rc6 {[%emt 0:00:00]} 32. Bc3 {[%emt 0:00:00]} a6 {[%emt 0:00:00]} 33. a3 {
[%emt 0:00:00]} Rc4 {[%emt 0:00:00]} 34. Bf6 {[%emt 0:00:00]} Rc6 {[%emt 0:00:
00]} 35. Be5 {[%emt 0:00:00]} Re6 {[%emt 0:00:00]} 36. Rxe6 {[%emt 0:00:00]}
Bxe6 {[%emt 0:00:00]} 37. f3 {[%emt 0:00:00]} Kf7 {[%emt 0:00:00]} 38. g4 {
[%emt 0:00:00]} Bd7 {[%emt 0:00:00]} 39. Kf2 {[%emt 0:00:00]} Ke6 {[%emt 0:00:
00]} 40. Bd4 {[%emt 0:00:00]} Kf7 {[%emt 0:00:00]} 41. Kg3 {[%emt 0:00:00]} Kg6
{[%emt 0:00:00]} 42. b4 {[%emt 0:00:00]} Kg5 {[%emt 0:00:00]} 43. f4+ {[%emt 0:
00:00]} Kg6 {[%emt 0:00:00]} 44. f5+ {[%emt 0:00:00]} Kf7 {[%emt 0:00:00]} 45.
Kf4 {[%emt 0:00:00]} Bc8 {[%emt 0:00:24]} 46. g5 {[%emt 0:00:00]} Bd7 {[%emt 0:
00:00]} 47. h4 {[%emt 0:00:00]} Bc8 {[%emt 0:00:00]} 48. h5 {[%emt 0:00:00]}
Bd7 {[%emt 0:00:00]} 49. g6+ {[%emt 0:00:00]} 1-0

[Event "I Liga Centralne Srbije"]
[Site "Bajina Bašta, Serbia"]
[Date "2020.10.14"]
[Round "7.5"]
[White "Milic, Slobodan"]
[Black "Novoselski, Zoran"]
[Result "0-1"]
[WhiteElo "1888"]
[BlackElo "2318"]
[Annotator "Knez"]
[PlyCount "76"]
[EventDate "2020.??.??"]
[TimeControl "90"]

1. d4 {[%emt 3:09:29]} e6 {[%emt 0:01:16]} 2. c4 {[%emt 0:00:32]} b6 {[%emt 0:
00:38]} 3. Bf4 {[%emt 0:00:48]} Bb7 {[%emt 0:00:42]} 4. Nf3 {[%emt 0:03:28]} f5
{[%emt 0:00:33]} 5. e3 {[%emt 0:05:49]} Nf6 {[%emt 0:00:18]} 6. Nc3 {[%emt 0:
01:11]} Bb4 {[%emt 0:01:23]} 7. Qb3 {[%emt 0:00:43]} a5 {[%emt 0:01:55]} 8. a3
{[%emt 0:00:28]} Bxc3+ {[%emt 0:00:52]} 9. Qxc3 {[%emt 0:00:24]} Ne4 {[%emt 0:
00:12]} 10. Qc2 {[%emt 0:00:33]} d6 {[%emt 0:00:15]} 11. h4 {[%emt 0:03:49]}
Nd7 {[%emt 0:01:00]} 12. Ng5 {[%emt 0:11:44]} Qe7 {[%emt 0:00:51]} 13. Nxe4 {
[%emt 0:11:50]} Bxe4 {[%emt 0:01:56]} 14. Qc3 {[%emt 0:01:10]} e5 {[%emt 0:01:
57]} 15. Bg5 {[%emt 0:27:47]} Qf7 {[%emt 0:01:25]} 16. h5 {[%emt 0:10:47]} h6 {
[%emt 0:01:22]} 17. Bh4 {[%emt 0:00:59]} O-O {[%emt 0:08:32]} 18. f3 {[%emt 0:
04:56]} Bb7 {[%emt 0:00:22]} 19. Bf2 {[%emt 0:02:43]} e4 {[%emt 0:03:18]} 20.
f4 {[%emt 0:00:43]} Nf6 {[%emt 0:00:25]} 21. Be2 {[%emt 0:00:24]} d5 {[%emt 0:
00:46]} 22. b3 {[%emt 0:03:35]} a4 {[%emt 0:03:05]} 23. b4 {[%emt 0:01:42]}
dxc4 {[%emt 0:00:28]} 24. Bxc4 {[%emt 0:00:25]} Bd5 {[%emt 0:00:38]} 25. Be2 {
[%emt 0:00:19]} Rfc8 {[%emt 0:00:44]} 26. Rc1 {[%emt 0:02:08]} Kh8 {[%emt 0:01:
52]} 27. Kf1 {[%emt 0:00:59]} Qe8 {[%emt 0:00:34]} 28. Kg1 {[%emt 0:00:46]} c6
{[%emt 0:01:19]} 29. g3 {[%emt 0:00:37]} Bf7 {[%emt 0:00:23]} 30. Rh4 {[%emt 0:
01:08]} Bxh5 {[%emt 0:01:19]} 31. Bxh5 {[%emt 0:00:39]} Nxh5 {[%emt 0:00:10]}
32. g4 {[%emt 0:00:48]} fxg4 {[%emt 0:00:29]} 33. Rxg4 {[%emt 0:00:14]} Qe6 {
[%emt 0:00:56]} 34. Rh4 {[%emt 0:00:18]} Nf6 {[%emt 0:01:13]} 35. Kg2 {[%emt 0:
00:47]} Ra7 {[%emt 0:02:18]} 36. Rch1 {[%emt 0:00:43]} Rac7 {[%emt 0:00:37]}
37. Qc2 {[%emt 0:00:45]} c5 {[%emt 0:01:22]} 38. dxc5 {[%emt 0:01:24]} bxc5 {
[%emt 0:00:08]} 0-1

[Event "I Liga Centralne Srbije"]
[Site "Bajina Bašta, Serbia"]
[Date "2020.10.14"]
[Round "7.5"]
[White "Gavrilovic, Leonardo"]
[Black "Banjovic, Sasa"]
[Result "0-1"]
[WhiteElo "2246"]
[BlackElo "2121"]
[Annotator "Knez"]
[PlyCount "112"]
[EventDate "2020.??.??"]
[TimeControl "90"]

1. Nf3 {[%emt 0:06:28]} f5 {[%emt 0:00:14]} 2. c4 {[%emt 0:00:53]} Nf6 {
[%emt 0:00:13]} 3. g3 {[%emt 0:00:22]} d6 {[%emt 0:00:06]} 4. d4 {[%emt 0:00:
20]} e6 {[%emt 0:00:06]} 5. Nc3 {[%emt 0:00:29]} Be7 {[%emt 0:00:08]} 6. Qc2 {
[%emt 0:00:35]} O-O {[%emt 0:00:08]} 7. Bg2 {[%emt 0:00:12]} a5 {[%emt 0:00:13]
} 8. O-O {[%emt 0:00:47]} Nc6 {[%emt 0:00:04]} 9. Rd1 {[%emt 0:10:17]} Qe8 {
[%emt 0:00:18]} 10. e4 {[%emt 0:00:48]} e5 {[%emt 0:07:23]} 11. dxe5 {[%emt 0:
12:09]} dxe5 {[%emt 0:00:56]} 12. exf5 {[%emt 0:25:23]} Qh5 {[%emt 0:03:56]}
13. Nh4 {[%emt 0:15:13]} Nd4 {[%emt 0:06:40]} 14. Qd3 {[%emt 0:01:07]} Nxf5 {
[%emt 0:00:53]} 15. Nxf5 {[%emt 0:00:17]} Bxf5 {[%emt 0:00:04]} 16. Qe2 {
[%emt 0:00:43]} Qxe2 {[%emt 0:18:20]} 17. Nxe2 {[%emt 0:00:50]} c6 {[%emt 0:00:
05]} 18. Be3 {[%emt 0:00:54]} Ng4 {[%emt 0:04:11]} 19. Nc3 {[%emt 0:04:26]}
Nxe3 {[%emt 0:01:39]} 20. fxe3 {[%emt 0:00:41]} Bc5 {[%emt 0:00:50]} 21. Re1 {
[%emt 0:00:37]} Bd3 {[%emt 0:01:00]} 22. b3 {[%emt 0:01:22]} Bb4 {[%emt 0:02:
33]} 23. Rac1 {[%emt 0:02:55]} Rad8 {[%emt 0:00:47]} 24. Na4 {[%emt 0:04:11]}
Bxe1 {[%emt 0:02:25]} 25. Rxe1 {[%emt 0:00:04]} Bf5 {[%emt 0:00:34]} 26. Nc5 {
[%emt 0:00:58]} Rf7 {[%emt 0:02:12]} 27. Be4 {[%emt 0:01:07]} Bxe4 {[%emt 0:01:
39]} 28. Nxe4 {[%emt 0:00:07]} Rd3 {[%emt 0:00:17]} 29. Kg2 {[%emt 0:00:21]} b6
{[%emt 0:00:20]} 30. Re2 {[%emt 0:00:09]} Kf8 {[%emt 0:00:14]} 31. Ng5 {
[%emt 0:00:13]} Rfd7 {[%emt 0:06:24]} 32. Nxh7+ {[%emt 0:00:18]} Ke7 {[%emt 0:
00:32]} 33. Ng5 {[%emt 0:00:13]} a4 {[%emt 0:00:15]} 34. Ne4 {[%emt 0:01:50]}
axb3 {[%emt 0:00:21]} 35. axb3 {[%emt 0:00:04]} Rxb3 {[%emt 0:00:12]} 36. h4 {
[%emt 0:00:10]} Rd1 {[%emt 0:02:11]} 37. Kf3 {[%emt 0:00:58]} Rc1 {[%emt 0:00:
40]} 38. c5 {[%emt 0:00:25]} b5 {[%emt 0:01:02]} 39. g4 {[%emt 0:00:41]} Rf1+ {
[%emt 0:00:41]} 40. Kg3 {[%emt 0:00:34]} Rf8 {[%emt 0:00:11]} 41. h5 {[%emt 0:
00:20]} Ke6 {[%emt 0:01:40]} 42. Kh4 {[%emt 0:02:42]} Kd5 {[%emt 0:02:57]} 43.
Ng5 {[%emt 0:00:07]} Re8 {[%emt 0:00:09]} 44. Rd2+ {[%emt 0:01:47]} Kxc5 {
[%emt 0:00:42]} 45. Rd7 {[%emt 0:00:09]} Rxe3 {[%emt 0:00:39]} 46. Rxg7 {
[%emt 0:00:06]} Re1 {[%emt 0:00:42]} 47. h6 {[%emt 0:01:24]} Rh1+ {[%emt 0:03:
38]} 48. Nh3 {[%emt 0:00:05]} e4 {[%emt 0:01:02]} 49. h7 {[%emt 0:00:25]} Rh8 {
[%emt 0:00:07]} 50. g5 {[%emt 0:04:33]} e3 {[%emt 0:00:13]} 51. g6 {[%emt 0:00:
09]} e2 {[%emt 0:00:10]} 52. Re7 {[%emt 0:00:09]} e1=Q+ {[%emt 0:00:10]} 53.
Rxe1 {[%emt 0:00:20]} Rxe1 {[%emt 0:00:01]} 54. Ng5 {[%emt 0:00:15]} Re7 {
[%emt 0:00:41]} 55. Nf7 {[%emt 0:00:17]} Rxf7 {[%emt 0:00:10]} 56. Kh5 {
[%emt 0:00:22]} Re7 {[%emt 0:00:02]} 0-1

[Event "I Liga Centralne Srbije"]
[Site "Bajina Bašta, Serbia"]
[Date "2020.10.14"]
[Round "7.5"]
[White "Dimitrijevic, Zoran"]
[Black "Roljevic, Djordje"]
[Result "1/2-1/2"]
[WhiteElo "2088"]
[BlackElo "2177"]
[Annotator "Knez"]
[PlyCount "94"]
[EventDate "2020.??.??"]
[TimeControl "90"]
[WhiteClock "0:36:27"]
[BlackClock "0:53:35"]

1. Nf3 {[%emt 0:00:00]} Nf6 {[%emt 0:00:00]} 2. d4 {[%emt 0:00:00]} e6 {
[%emt 0:00:00]} 3. c4 {[%emt 0:00:00]} b6 {[%emt 0:00:00]} 4. g3 {[%emt 0:00:
00]} Bb7 {[%emt 0:00:00]} 5. Bg2 {[%emt 0:00:00]} c5 {[%emt 0:00:00]} 6. e3 {
[%emt 0:00:00]} Be7 {[%emt 0:00:00]} 7. O-O {[%emt 0:00:00]} O-O {[%emt 0:00:
00]} 8. Nc3 {[%emt 0:00:00]} Ne4 {[%emt 0:00:00]} 9. Qc2 {[%emt 0:00:00]} Nxc3
{[%emt 0:00:00]} 10. Qxc3 {[%emt 0:00:00]} Bf6 {[%emt 0:00:00]} 11. Rd1 {
[%emt 0:00:00]} Qc7 {[%emt 0:00:00]} 12. b3 {[%emt 0:00:00]} Nc6 {[%emt 0:00:
00]} 13. Bb2 {[%emt 0:00:00]} Rac8 {[%emt 0:00:00]} 14. Rac1 {[%emt 0:00:00]}
Nb4 {[%emt 0:00:00]} 15. Ra1 {[%emt 0:00:00]} Be4 {[%emt 0:00:00]} 16. Ne1 {
[%emt 0:00:00]} Bxg2 {[%emt 0:00:00]} 17. Nxg2 {[%emt 0:00:00]} Rfd8 {[%emt 0:
00:00]} 18. a3 {[%emt 0:00:00]} Nc6 {[%emt 0:00:00]} 19. Rac1 {[%emt 0:00:00]}
d5 {[%emt 0:00:00]} 20. Qc2 {[%emt 0:00:00]} dxc4 {[%emt 0:00:00]} 21. Qxc4 {
[%emt 0:00:00]} Qb7 {[%emt 0:00:00]} 22. d5 {[%emt 0:00:00]} Bxb2 {[%emt 0:00:
00]} 23. dxc6 {[%emt 0:00:00]} Qxc6 {[%emt 0:00:00]} 24. Rb1 {[%emt 0:00:00]}
Bxa3 {[%emt 0:00:00]} 25. Qa6 {[%emt 0:00:00]} Bb2 {[%emt 0:00:00]} 26. Qxa7 {
[%emt 0:00:00]} Bf6 {[%emt 0:00:00]} 27. Qa2 {[%emt 0:00:00]} g6 {[%emt 0:00:
00]} 28. Qe2 {[%emt 0:00:00]} b5 {[%emt 0:00:00]} 29. Ne1 {[%emt 0:00:00]} c4 {
[%emt 0:00:00]} 30. bxc4 {[%emt 0:00:00]} bxc4 {[%emt 0:00:00]} 31. Nc2 {
[%emt 0:00:00]} Qa4 {[%emt 0:00:00]} 32. Rxd8+ {[%emt 0:00:00]} Bxd8 {[%emt 0:
00:00]} 33. Kg2 {[%emt 0:00:00]} Qa2 {[%emt 0:00:00]} 34. Rb7 {[%emt 0:00:00]}
c3 {[%emt 0:00:00]} 35. Rd7 {[%emt 0:00:00]} Bf6 {[%emt 0:00:00]} 36. Qd3 {
[%emt 0:00:00]} Qc4 {[%emt 0:00:00]} 37. Qxc4 {[%emt 0:00:00]} Rxc4 {[%emt 0:
00:00]} 38. Kf3 {[%emt 0:00:00]} Ra4 {[%emt 0:00:00]} 39. Ke2 {[%emt 0:00:00]}
Ra2 {[%emt 0:00:00]} 40. Kd1 {[%emt 0:00:00]} Rb2 {[%emt 0:00:00]} 41. Kc1 {
[%emt 0:00:00]} h5 {[%emt 0:00:00]} 42. Rc7 {[%emt 0:00:00]} Kf8 {[%emt 0:00:
00]} 43. h4 {[%emt 0:00:00]} Ke8 {[%emt 0:00:00]} 44. f4 {[%emt 0:00:00]} e5 {
[%emt 0:00:00]} 45. f5 {[%emt 0:00:00]} e4 {[%emt 0:00:00]} 46. fxg6 {[%emt 0:
00:00]} fxg6 {[%emt 0:00:00]} 47. Rc4 {[%emt 0:00:00]} Rb5 {[%emt 0:00:00]}
1/2-1/2